[Event "Stuttgart-chB int"]
[Site "Ditzingen"]
[Date "2018.05.12"]
[Round "6"]
[White "Lang, Thomas1111"]
[Black "Eberhard, Michael"]
[Result "1-0"]
[WhiteElo "1796"]
[BlackElo "1702"]
[PlyCount "131"]
[EventDate "2018.05.10"]
[EventType "swiss"]
[EventRounds "7"]
[EventCountry "GER"]
[SourceTitle "EXT 2020"]
[Source "ChessBase"]
[SourceDate "2019.10.17"]
[SourceVersion "1"]
[SourceVersionDate "2019.10.17"]
[SourceQuality "1"]

1. e4 e5 2. Nf3 Nc6 3. Bc4 Nf6 4. d3 Be7 5. c3 h6 6. 0-0 0-0 7. Re1 d6 8. b4 a6 9. a4 Be6 10. Bb3 Bxb3 11. Qxb3 Kh8 12. Nbd2 Nh7 13. Nf1 f5 14. Ng3 fxe4 15. dxe4 Ng5 16. Nxg5 Bxg5 17. Nf5 Bxc1 18. Raxc1 Ne7 19. Ng3 Qe8 20. f3 Ng6 21. Rcd1 Qf7 22. Qc2 Qc4 23. Nf5 Rad8 24. Ne3 Qc6 25. a5 Nf4 26. Nd5 Nxd5 27. Rxd5 Qc4 28. Red1 Rf6 29. Rxe5 Qg8 30. Red5 Qh7 31. Qd2 Qg6 32. Kh1 Re6 33. Rf5 Rde8 34. Qf4 Rf6 35. Rxf6 gxf6 36. Rd5 Kg7 37. Kg1 Re5 38. Qd2 Qe8 39. Rxe5 Qxe5 40. g3 Qb5 41. Kf2 Qh5 42. h4 Qb5 43. Qd5 Qa4 44. Ke3 Qc2 45. Qd2 Qb3 46. Kd3 c5 47. Qc2 Qa3 48. Qb1 cxb4 49. Qxb4 Qc1 50. Qxb7+ Kg8 51. Qc8+ Kf7 52. Qd7+ Kg8 53. Qe6+ Kg7 54. Qe7+ Kg8 55. Qxf6 Qb1+ 56. Kd4 Qd1+ 57. Kc4 Qa4+ 58. Kd5 Qxa5+ 59. Ke6 Qa2+ 60. Ke7 Kh7 61. h5 Qc4 62. Qg6+ Kh8 63. Qxh6+ Kg8 64. Qe6+ Qxe6+ 65. Kxe6 a5 66. Kd5 1-0